Lanean...
Yuktidipika ka ek sameekshatmak addhyayan/
| Egile nagusia: | |
|---|---|
| Formatua: | Printed Book |
| Argitaratua: |
Varanasi:
Kala Prakasan,
2002.
|
| Gaiak: |
| LEADER | 00525nam a22001571a 4500 | ||
|---|---|---|---|
| 999 | |c 51871 |d 51871 | ||
| 020 | |a 9788187566359 | ||
| 082 | |a S 181.41 |b KRI/Y | ||
| 100 | |a Kripasankar | ||
| 245 | |a Yuktidipika ka ek sameekshatmak addhyayan/ |c by Kripasankar | ||
| 260 | |a Varanasi: |b Kala Prakasan, |c 2002. | ||
| 300 | |a 369p. | ||
| 650 | |a Philosophy Sankhya | ||
| 650 | |a Philosophy | ||
| 942 | |c BK | ||
| 952 | |0 0 |1 0 |4 0 |6 S_181_410000000000000_KRI_Y |7 0 |9 75500 |a SSUS |b SSUS |d 2015-01-08 |g 750.00 |o S 181.41 KRI/Y |p 042202 |r 2015-01-08 |v 0.00 |w 2015-01-08 |y BK | ||